[Event "BCF-ch Seniors 65"]
[Site "Hull"]
[Date "2024.07.31"]
[Round "3"]
[White "Stimpson, Philip M"]
[Black "Hall, Alan"]
[Result "1-0"]
[WhiteElo "1915"]
[BlackElo "1801"]
[PlyCount "99"]
[EventDate "2024.07.29"]
[EventType "swiss"]
[EventRounds "7"]
[EventCountry "ENG"]
[SourceTitle "CBM 221 Extra"]
[Source "ChessBase"]
[SourceDate "2024.09.30"]
[SourceVersion "1"]
[SourceVersionDate "2024.09.30"]
[SourceQuality "1"]

1. d4 Nf6 2. Nc3 d5 3. Bf4 e6 4. e3 Bb4 5. Bd3 0-0 6. Nf3 c5 7. dxc5 Bxc5 8. Nb5 Na6 9. 0-0 Bd7 10. c3 Bxb5 11. Bxb5 Nc7 12. Bd3 Bd6 13. Ne5 Nce8 14. Bc2 Qc7 15. Qd4 Nh5 16. Nd3 Nxf4 17. exf4 Nf6 18. Ne5 Bc5 19. Qd3 g6 20. Rae1 Rad8 21. g3 d4 22. c4 b5 23. Bb3 b4 24. Bd1 a5 25. b3 Rd6 26. Bf3 Rfd8 27. Re2 Ra6 28. Rfe1 Kg7 29. h3 Rdd6 30. Kg2 Qa7 31. g4 a4 32. h4 axb3 33. axb3 Ra2 34. h5 Rxe2 35. Rxe2 Qc7 36. Ra2 Nd7 37. h6+ Kf8 38. Ra8+ Ke7 39. Qe4 Nf6 40. Qd3 Nd7 41. Qe4 Nf6 42. Nc6+ Kd7 43. Qe5 Rxc6 44. Qxf6 d3 45. Qxf7+ Be7 46. Qe8+ Kd6 47. Qxc6+ Qxc6 48. Bxc6 Kxc6 49. Kf3 Bf6 50. Ke3 1-0

[Event "BCF-chT 2122 (4NCL)"]
[Site "England"]
[Date "2022.03.27"]
[Round "6.127"]
[White "Stimpson, Philip M"]
[Black "Fernando, Manel"]
[Result "1-0"]
[WhiteElo "1956"]
[BlackElo "1480"]
[PlyCount "83"]
[EventDate "2021.11.27"]
[EventType "team-swiss"]
[EventRounds "11"]
[EventCountry "ENG"]
[SourceTitle "EXT 2023"]
[Source "ChessBase"]
[SourceDate "2022.10.05"]
[SourceVersion "1"]
[SourceVersionDate "2022.10.05"]
[SourceQuality "1"]
[WhiteTeam "Guildford Castles"]
[BlackTeam "Check Innmates"]
[WhiteTeamCountry "ENG"]
[BlackTeamCountry "ENG"]

1. e4 e5 2. Nf3 Nc6 3. d4 exd4 4. Nxd4 d6 5. Nxc6 bxc6 6. Bc4 Be7 7. Nc3 Nf6 8. 0-0 0-0 9. h3 Be6 10. Qe2 Nd7 11. Be3 Ne5 12. Bxe6 fxe6 13. f4 Nf7 14. f5 exf5 15. Rxf5 Ne5 16. Raf1 a5 17. Bd4 Rxf5 18. Rxf5 Bf6 19. Kh1 Kh8 20. Nd1 c5 21. Bc3 h6 22. Ne3 c6 23. Nc4 Nxc4 24. Bxf6 gxf6 25. Qxc4 Qe7 26. Qc3 Rf8 27. Qe3 Kh7 28. Rh5 Qg7 29. c4 Qg6 30. g4 Re8 31. Rf5 Re5 32. Qf4 Re6 33. b3 Kg7 34. Kg2 Qe8 35. Kf3 Re5 36. Rxf6 Rg5 37. Rxd6 Rg6 38. Rxg6+ Qxg6 39. Qe5+ Qf6+ 40. Qxf6+ Kxf6 41. Kf4 Ke6 42. h4 1-0

[Event "ENG-ch Seniors 65"]
[Site "Milton Keynes"]
[Date "2021.10.07"]
[Round "4"]
[White "Habershon, Paul F"]
[Black "Stimpson, Philip M"]
[Result "0-1"]
[WhiteElo "1977"]
[BlackElo "1949"]
[PlyCount "64"]
[EventDate "2021.10.04"]
[EventType "swiss"]
[EventRounds "7"]
[EventCountry "ENG"]
[SourceTitle "EXT 2023"]
[Source "ChessBase"]
[SourceDate "2022.10.05"]
[SourceVersion "1"]
[SourceVersionDate "2022.10.05"]
[SourceQuality "1"]

1. Nf3 c5 2. c4 Nf6 3. Nc3 Nc6 4. g3 g6 5. Bg2 Bg7 6. 0-0 0-0 7. d3 a6 8. Rb1 d6 9. a3 Rb8 10. b4 cxb4 11. axb4 b5 12. cxb5 axb5 13. Bd2 Bd7 14. Qc2 e6 15. Rfc1 Qe7 16. e3 Rfc8 17. Qb3 d5 18. d4 Ne8 19. Ne1 Nd6 20. Nd3 Nc4 21. Be1 Bh6 22. Nd1 Nxd4 23. exd4 Bxc1 24. Rxc1 Ra8 25. Ne3 Ra3 26. Qd1 Rca8 27. Nxc4 bxc4 28. Nc5 Ba4 29. Qe2 Qf6 30. Qe5 Qxe5 31. dxe5 Bb5 32. h3 Ra1 0-1

[Event "BCF-chT2b 1920 (4NCL)"]
[Site "Daventry"]
[Date "2020.03.01"]
[Round "2.67"]
[White "Ridge, Benjamin"]
[Black "Stimpson, Philip M"]
[Result "0-1"]
[WhiteElo "1766"]
[BlackElo "1941"]
[PlyCount "152"]
[EventDate "2020.01.11"]
[EventType "team-tourn"]
[EventRounds "11"]
[EventCountry "ENG"]
[SourceTitle "CBM 195 Extra"]
[Source "ChessBase"]
[SourceDate "2020.05.31"]
[SourceVersion "1"]
[SourceVersionDate "2020.05.31"]
[SourceQuality "1"]
[WhiteTeam "Alba"]
[BlackTeam "Guildford III"]
[WhiteTeamCountry "ENG"]
[BlackTeamCountry "ENG"]

1. c4 e5 2. Nc3 Bb4 3. Nd5 Bc5 4. Nf3 e4 5. d4 Bf8 6. Ng5 c6 7. Nc3 d5 8. Qb3 h6 9. Nh3 dxc4 10. Qxc4 Be6 11. Qa4 Nf6 12. Nf4 Bf5 13. e3 Nbd7 14. Qb3 Qb6 15. Bc4 Qxb3 16. Bxb3 Nb6 17. Bd2 Bd6 18. Nfe2 0-0 19. Ng3 Bg6 20. f4 exf3 21. gxf3 Rad8 22. Rc1 Rfe8 23. e4 Bxg3+ 24. hxg3 Rxd4 25. Be3 Rdd8 26. Na4 Nxa4 27. Bxa4 Nxe4 28. fxe4 Rxe4 29. Kf2 Rxa4 30. a3 Re4 31. Rhd1 Rde8 32. Re1 a6 33. Bb6 Rxe1 34. Rxe1 Rxe1 35. Kxe1 Kf8 36. Bc5+ Ke8 37. Kd2 h5 38. Ke3 Bf5 39. Kf4 g6 40. Ke5 Kd7 41. Kf6 Be6 42. a4 a5 43. Bb6 Kd6 44. Bxa5 b5 45. axb5 cxb5 46. b4 Kd5 47. Bb6 Ke4 48. Kg5 Kf3 49. Bc7 Bf5 50. Kf6 Kg4 51. Kxf7 g5 52. Kf6 h4 53. gxh4 gxh4 54. Bh2 Bc2 55. Ke5 Kh3 56. Bf4 Kg2 57. Kd4 h3 58. Kc5 Bd3 59. Kd4 Bc4 60. Ke3 h2 61. Bxh2 Kxh2 62. Kf2 Kh3 63. Kf3 Kh2 64. Kf2 Kh1 65. Ke1 Kg2 66. Kd2 Kf3 67. Kc3 Ke3 68. Kc2 Kd4 69. Kb2 Kd3 70. Ka3 Be6 71. Kb2 Kc4 72. Ka3 Bf5 73. Kb2 Kxb4 74. Ka1 Kc3 75. Ka2 b4 76. Ka1 Kc2 0-1

[Event "BCF-chT2b 1920 (4NCL)"]
[Site "Daventry"]
[Date "2020.02.09"]
[Round "6.57"]
[White "Nataraj, Nakul"]
[Black "Stimpson, Philip M"]
[Result "1-0"]
[WhiteElo "1782"]
[BlackElo "1941"]
[PlyCount "53"]
[EventDate "2020.01.11"]
[EventType "team-tourn"]
[EventRounds "11"]
[EventCountry "ENG"]
[SourceTitle "CBM 194 Extra"]
[Source "ChessBase"]
[SourceDate "2020.03.31"]
[SourceVersion "1"]
[SourceVersionDate "2020.03.31"]
[SourceQuality "1"]
[WhiteTeam "Oxford"]
[BlackTeam "Guildford III"]
[WhiteTeamCountry "ENG"]
[BlackTeamCountry "ENG"]

1. e4 d5 2. exd5 Qxd5 3. Nc3 Qd8 4. d4 Nf6 5. Nf3 g6 6. Bf4 Bg7 7. Qd2 0-0 8. h3 Nc6 9. g4 e6 10. Bg2 Ne7 11. Bh6 Bd7 12. Ne5 Bc6 13. Nxc6 Nxc6 14. Bxg7 Kxg7 15. Bxc6 bxc6 16. 0-0-0 Rb8 17. h4 Qd6 18. h5 Qb4 19. b3 Nd5 20. hxg6 Qa3+ 21. Kb1 Nxc3+ 22. Qxc3 hxg6 23. d5+ f6 24. dxe6 Rfd8 25. Qh3 Rxd1+ 26. Rxd1 Re8 27. Rh1 1-0

[Event "GBR-ch 65+ 106th"]
[Site "Torquay"]
[Date "2019.07.31"]
[Round "3"]
[White "Stimpson, Philip M"]
[Black "Hughes, Peter2"]
[Result "1-0"]
[WhiteElo "1935"]
[BlackElo "1794"]
[PlyCount "51"]
[EventDate "2019.07.29"]
[EventType "swiss"]
[EventRounds "7"]
[EventCountry "ENG"]
[SourceTitle "EXT 2020"]
[Source "ChessBase"]
[SourceDate "2019.10.17"]
[SourceVersion "1"]
[SourceVersionDate "2019.10.17"]
[SourceQuality "1"]

1. e4 c5 2. Nc3 Nc6 3. f4 g6 4. Nf3 Bg7 5. Bb5 Nd4 6. 0-0 a6 7. Bd3 d6 8. Nxd4 cxd4 9. Ne2 e6 10. c3 dxc3 11. bxc3 Ne7 12. Bc2 0-0 13. d3 Bd7 14. Bd2 Rc8 15. Rc1 b5 16. Rf3 f5 17. Bb3 Kh8 18. Nd4 b4 19. Nxe6 Bxe6 20. Bxe6 bxc3 21. Be3 Rb8 22. Qa4 fxe4 23. dxe4 Ng8 24. Bd4 Qe7 25. f5 Nf6 26. Rfxc3 1-0

[Event "BCF-chT2b 1819 (4NCL)"]
[Site "England"]
[Date "2019.02.10"]
[Round "6.78"]
[White "Stimpson, Philip M"]
[Black "Jaufarally, Nadia"]
[Result "0-1"]
[WhiteElo "1894"]
[BlackElo "1960"]
[PlyCount "58"]
[EventDate "2018.11.10"]
[EventType "team-tourn"]
[EventRounds "11"]
[EventCountry "ENG"]
[SourceTitle "EXT 2021"]
[Source "ChessBase"]
[SourceDate "2020.10.23"]
[SourceVersion "1"]
[SourceVersionDate "2020.10.23"]
[SourceQuality "1"]
[WhiteTeam "Guildford III"]
[BlackTeam "Wessex"]
[WhiteTeamCountry "ENG"]
[BlackTeamCountry "ENG"]

1. e4 c5 2. Nc3 g6 3. f4 Nc6 4. Nf3 Bg7 5. Bb5 Nd4 6. 0-0 Nxb5 7. Nxb5 d6 8. d3 Bd7 9. Nc3 Bc6 10. Qe2 Nf6 11. Bd2 0-0 12. Nd1 Rc8 13. Bc3 Re8 14. Nf2 Qc7 15. g4 e5 16. f5 Qd7 17. Bd2 d5 18. g5 Nh5 19. f6 Bf8 20. exd5 Qxd5 21. Ne4 Nf4 22. Bxf4 exf4 23. c4 Qf5 24. Nfd2 Qxg5+ 25. Qg2 Qxg2+ 26. Kxg2 f3+ 27. Rxf3 Bh6 28. Nd6 Bxd2 29. Nxc8 Rxc8 0-1

[Event "BCF-ch Seniors 65"]
[Site "Hull"]
[Date "2018.08.04"]
[Round "7"]
[White "Stimpson, Philip M"]
[Black "Phillips, William"]
[Result "1-0"]
[WhiteElo "1920"]
[BlackElo "1862"]
[PlyCount "103"]
[EventDate "2018.07.29"]
[EventType "swiss"]
[EventRounds "7"]
[EventCountry "ENG"]
[SourceTitle "EXT 2021"]
[Source "ChessBase"]
[SourceDate "2020.10.23"]
[SourceVersion "1"]
[SourceVersionDate "2020.10.23"]
[SourceQuality "1"]

1. e4 g6 2. d4 Bg7 3. Nc3 d6 4. Nf3 Nf6 5. h3 c6 6. a4 0-0 7. Be3 Qc7 8. Be2 e5 9. dxe5 dxe5 10. Bc4 h6 11. Qe2 Re8 12. 0-0 Be6 13. Rfd1 Bxc4 14. Qxc4 Na6 15. Rd2 Nd7 16. Rad1 Re7 17. Nb5 cxb5 18. Qxc7 Nxc7 19. Rxd7 Rxd7 20. Rxd7 Ne6 21. axb5 b6 22. c4 Kf8 23. b3 Ke8 24. Rd1 Rd8 25. Rxd8+ Kxd8 26. Ne1 Bf8 27. Nd3 f6 28. Kf1 g5 29. g4 Kd7 30. Ke2 Nf4+ 31. Bxf4 gxf4 32. f3 Kc7 33. Kd2 Kb7 34. Kc3 a5 35. bxa6+ Kxa6 36. b4 Kb7 37. Kb3 Kc6 38. Ka4 Be7 39. Nc1 Bf8 40. Ne2 Be7 41. Nc3 Bf8 42. Nd5 Bg7 43. h4 Kb7 44. Kb5 h5 45. gxh5 f5 46. exf5 e4 47. Nxf4 exf3 48. Nd3 Bd4 49. h6 f2 50. Nxf2 Bxf2 51. f6 Bxh4 52. f7 1-0

[Event "BCF-chT2b 1718 (4NCL)"]
[Site "England"]
[Date "2018.02.11"]
[Round "6.58"]
[White "Henderson, David"]
[Black "Stimpson, Philip M"]
[Result "1/2-1/2"]
[WhiteElo "2125"]
[BlackElo "1943"]
[PlyCount "60"]
[EventDate "2017.11.11"]
[EventType "team-tourn"]
[EventRounds "7"]
[EventCountry "ENG"]
[SourceTitle "EXT 2020"]
[Source "ChessBase"]
[SourceDate "2019.10.17"]
[SourceVersion "1"]
[SourceVersionDate "2019.10.17"]
[SourceQuality "1"]
[WhiteTeam "North East England"]
[BlackTeam "Guildford III"]
[WhiteTeamCountry "ENG"]
[BlackTeamCountry "ENG"]

1. e4 e5 2. Nf3 Nc6 3. Bb5 a6 4. Ba4 Nf6 5. 0-0 Be7 6. Re1 b5 7. Bb3 d6 8. c3 0-0 9. h3 Na5 10. Bc2 d5 11. d4 Nxe4 12. dxe5 f5 13. exf6 Bxf6 14. Bd3 Nc4 15. Qc2 Bb7 16. Nbd2 Ncd6 17. Nf1 c5 18. Be3 c4 19. Be2 Nf5 20. Rad1 Nxe3 21. Nxe3 Qb6 22. Ng4 Be7 23. Rf1 Ng3 24. Rfe1 Bc5 25. Nd4 Ne4 26. Rf1 Rae8 27. Bf3 Ng5 28. Nh2 b4 29. Bg4 Ne4 30. Bf3 Ng5 1/2-1/2

[Event "BCF-chT2b 1718 (4NCL)"]
[Site "England"]
[Date "2018.01.13"]
[Round "3.88"]
[White "Stimpson, Philip M"]
[Black "Solis, Gabriela"]
[Result "1-0"]
[WhiteElo "1925"]
[BlackElo "1937"]
[PlyCount "84"]
[EventDate "2017.11.11"]
[EventType "team-tourn"]
[EventRounds "7"]
[EventCountry "ENG"]
[SourceTitle "EXT 2020"]
[Source "ChessBase"]
[SourceDate "2019.10.17"]
[SourceVersion "1"]
[SourceVersionDate "2019.10.17"]
[SourceQuality "1"]
[WhiteTeam "Guildford III"]
[BlackTeam "Poisoned Pawns"]
[WhiteTeamCountry "ENG"]
[BlackTeamCountry "ENG"]

1. e4 d5 2. exd5 Qxd5 3. Nc3 Qa5 4. d4 Nf6 5. Nf3 Bf5 6. Bc4 c6 7. Bd2 e6 8. Nd5 Qd8 9. Nxf6+ gxf6 10. Be3 Bd6 11. Qe2 Nd7 12. 0-0 Qc7 13. d5 cxd5 14. Bxd5 Bg4 15. h3 Bxf3 16. Bxf3 Ke7 17. Rfd1 Ne5 18. b3 Rhg8 19. c4 Nxf3+ 20. Qxf3 Be5 21. Bd4 Rad8 22. Bxe5 fxe5 23. Qe4 Rg6 24. Qh4+ Rf6 25. Qxh7 Qb6 26. Qh4 Rd4 27. Rxd4 exd4 28. Rd1 e5 29. Rd3 Kf8 30. Qe4 Qc7 31. Qd5 Qe7 32. Qe4 Rg6 33. Rf3 Qg5 34. Rf5 Qc1+ 35. Kh2 f6 36. Qxe5 Qd2 37. Qc5+ Kg8 38. Rd5 Rg7 39. Qc8+ Kh7 40. Qf5+ Rg6 41. Qh5+ Kg7 42. Rd7+ Kf8 1-0

[Event "BCF-ch Seniors 65"]
[Site "Llandudno"]
[Date "2017.08.02"]
[Round "4"]
[White "Friedgood, David"]
[Black "Stimpson, Philip M"]
[Result "1-0"]
[WhiteElo "2216"]
[BlackElo "1937"]
[PlyCount "41"]
[EventDate "2017.07.30"]
[EventType "swiss"]
[EventRounds "7"]
[EventCountry "WLS"]
[SourceTitle "CBM 179 Extra"]
[Source "ChessBase"]
[SourceDate "2017.08.23"]
[SourceVersion "1"]
[SourceVersionDate "2017.08.23"]
[SourceQuality "1"]

1. c4 c5 2. Nf3 Nf6 3. Nc3 Nc6 4. d4 cxd4 5. Nxd4 e6 6. a3 a6 7. e4 Qc7 8. Be2 Be7 9. Be3 d6 10. 0-0 0-0 11. Nb3 Bd7 12. Rc1 Na5 13. Nd2 b6 14. b4 Nb7 15. Na4 Bxa4 16. Qxa4 Qd7 17. Qb3 a5 18. Bxb6 axb4 19. axb4 Qc6 20. Be3 Nxe4 21. Nxe4 1-0

[Event "BCF-ch Seniors 65"]
[Site "Llandudno"]
[Date "2017.07.31"]
[Round "2"]
[White "Price, Andrew"]
[Black "Stimpson, Philip M"]
[Result "1/2-1/2"]
[WhiteElo "1795"]
[BlackElo "1937"]
[PlyCount "149"]
[EventDate "2017.07.30"]
[EventType "swiss"]
[EventRounds "7"]
[EventCountry "WLS"]
[SourceTitle "CBM 179 Extra"]
[Source "ChessBase"]
[SourceDate "2017.08.23"]
[SourceVersion "1"]
[SourceVersionDate "2017.08.23"]
[SourceQuality "1"]

1. e4 d5 2. exd5 Nf6 3. Nc3 Nxd5 4. Bc4 Nb6 5. Bb3 Bf5 6. Qf3 Qc8 7. d3 e6 8. Qg3 N8d7 9. Nf3 Nc5 10. Bf4 Nxb3 11. axb3 c6 12. Nh4 Bg6 13. 0-0 Nd5 14. Be5 Qd8 15. Nxd5 cxd5 16. f4 Be7 17. Nxg6 hxg6 18. Bxg7 Rh7 19. Bd4 Bf6 20. Qe3 b6 21. Rf3 Kd7 22. Be5 Qh8 23. h3 Rh5 24. d4 Qd8 25. c4 Be7 26. cxd5 exd5 27. Qd3 Ke8 28. Re1 Kf8 29. f5 g5 30. g4 Rh6 31. f6 Bb4 32. Re2 Rc8 33. Rf5 Rc1+ 34. Kg2 Rg6 35. Qe3 Qc8 36. Rxg5 Rxg5 37. Qxg5 Rc2 38. Qh6+ Ke8 39. Qe3 Kd7 40. Qd3 Rxe2+ 41. Qxe2 a5 42. Qb5+ Qc6 43. Qxc6+ Kxc6 44. h4 Bd2 45. Kf3 Bc1 46. h5 b5 47. h6 Bxh6 48. Bf4 Bf8 49. g5 Kd7 50. Kg4 Ke6 51. Bc7 a4 52. bxa4 bxa4 53. Ba5 Bd6 54. Bd2 Bf8 55. Bc1 Bb4 56. Kh5 Kf5 57. Kh6 Be1 58. Kg7 Bf2 59. g6 Bxd4 60. gxf7 Bxf6+ 61. Kf8 Ke6 62. Ke8 Be7 63. Be3 Bd6 64. Bd4 Be7 65. f8Q Bxf8 66. Kxf8 Kf5 67. Ke7 Ke4 68. Bc5 d4 69. Kd6 d3 70. Bb4 Kd4 71. Kc6 Kc4 72. Bd2 Kb3 73. Kb5 Kc2 74. Bf4 Kxb2 75. Kxa4 1/2-1/2

[Event "Wakefield 4NCL op-B 14th"]
[Site "Wokefield"]
[Date "2017.07.15"]
[Round "3"]
[White "Stimpson, Philip M"]
[Black "Rahman, K Azizur"]
[Result "1-0"]
[WhiteElo "1937"]
[BlackElo "1882"]
[PlyCount "113"]
[EventDate "2017.07.14"]
[EventType "swiss"]
[EventRounds "5"]
[EventCountry "ENG"]
[SourceTitle "EXT 2018"]
[Source "ChessBase"]
[SourceDate "2017.10.13"]
[SourceVersion "1"]
[SourceVersionDate "2017.10.13"]
[SourceQuality "1"]

1. e4 c5 2. Nc3 d6 3. f4 a6 4. g3 b5 5. Bg2 Bb7 6. d3 e6 7. Qe2 Nd7 8. Nf3 Qc7 9. 0-0 Be7 10. Bd2 Ngf6 11. Rae1 0-0 12. Nd1 Rac8 13. Nf2 e5 14. f5 c4 15. g4 cxd3 16. cxd3 Qc2 17. g5 Nh5 18. f6 gxf6 19. Bh3 Rcd8 20. Bf5 Nf4 21. Bxf4 Qxe2 22. Rxe2 exf4 23. Rc2 fxg5 24. Rc7 Bc8 25. Ng4 Rfe8 26. Rxc8 Rxc8 27. Bxd7 Red8 28. Nh6+ Kf8 29. Bxc8 Rxc8 30. Nf5 f6 31. N3d4 Kf7 32. Rf2 Rc1+ 33. Kg2 h5 34. Rc2 Rxc2+ 35. Nxc2 g4 36. Ncd4 Bf8 37. h3 b4 38. b3 Kg6 39. Ne6 Bh6 40. Nxh6 Kxh6 41. hxg4 hxg4 42. Nxf4 Kg5 43. Kg3 f5 44. Nd5 a5 45. exf5 Kxf5 46. Ne3+ Ke5 47. Nc4+ Kd4 48. Nxd6 Kxd3 49. Nc4 Kc3 50. Nxa5 Kb2 51. Kxg4 Kxa2 52. Kf4 Kb2 53. Ke3 Kc3 54. Ke4 Kc2 55. Kd4 Kb2 56. Kc4 Ka3 57. Kc5 1-0

[Event "BCF-chT2b 1617 (4NCL)"]
[Site "England"]
[Date "2017.01.15"]
[Round "4.58"]
[White "Stimpson, Philip M"]
[Black "Ackley, Peter JE"]
[Result "1/2-1/2"]
[WhiteElo "1934"]
[BlackElo "1993"]
[PlyCount "48"]
[EventDate "2016.11.19"]
[EventType "team-tourn"]
[EventRounds "11"]
[EventCountry "ENG"]
[SourceTitle "EXT 2019"]
[Source "ChessBase"]
[SourceDate "2018.10.10"]
[SourceVersion "1"]
[SourceVersionDate "2018.10.10"]
[SourceQuality "1"]
[WhiteTeam "Guildford III"]
[BlackTeam "Spirit of Atticus"]
[WhiteTeamCountry "ENG"]
[BlackTeamCountry "ENG"]

1. e4 g6 2. d4 Bg7 3. Nc3 d6 4. Nf3 a6 5. a4 b6 6. Bd3 e6 7. Be3 Ne7 8. Qd2 h6 9. 0-0 Nd7 10. Rfe1 Bb7 11. Bc4 Nf6 12. Bf4 g5 13. Bg3 Nh5 14. Rad1 Ng6 15. Rf1 Nhf4 16. Bxf4 Nxf4 17. d5 e5 18. g3 Ng6 19. Ne1 h5 20. Ng2 Bh6 21. Qe2 Bc8 22. Ne3 h4 23. Nf5 Qf6 24. f4 Nxf4 1/2-1/2